Úplné znenie zákona Slovenskej národnej rady č. 71/1986 Zb. o Slovenskej obchodnej inšpekcii v znení zákona č. 417/1991 Zb.

Podrobná bibliografia
Médium: Článok
Jazyk:slovenčina
ISSN:1335-0714
Predmet:

MARC

LEADER 00000nab a2200000 a 4500
001 vtls000637236
003 SK-MaSNL
005 20260302185110.0
008 160401c1997 xo 0 slo
015 |a SNBRB19rr/mm-uuuuu 
035 |a CL0637375 
040 |a SNKBUCL  |b slo  |c SNKBUCL  |e AACR2 
041 0 |a slo 
044 |a xo  |c SK 
080 |a 340.133:339.379:061.64(437.6):351.824.5(437.6)  |2 1981 
080 |a 339.379:061.64(437.6)  |2 1981 
080 |a 351.824.5(437.6)  |2 1981 
245 0 0 |a Úplné znenie zákona Slovenskej národnej rady č. 71/1986 Zb. o Slovenskej obchodnej inšpekcii v znení zákona č. 417/1991 Zb. 
650 0 7 |a Slovenská obchodná inšpekcia  |2 snkbucl  |9 893782 
655 7 |a články z novín a časopisov  |2 snkbucl  |9 267496 
773 0 |x 1335-0714  |t Ekonomický a právny poradca podnikateľa  |g Č. 15 (1997), s. 6-17 
850 |a Slovenská národná knižnica v Martine  |a MTA001 
852 |a SNK  |b KIS3GCP 
958 |a SK 
958 |a RK 
958 |a RBX 
999 |c 1428077  |d 1430007